| 000 | 01184nam a22003257i 4500 | ||
|---|---|---|---|
| 999 |
_c173054 _d173054 |
||
| 005 | 20190613125939.0 | ||
| 008 | 190613t20192019my abo j 000 0 may d | ||
| 020 |
_a9789670768502 _qset _cRM299.00 |
||
| 020 |
_a9789670768540 _qpaperback _cRM59.80 |
||
| 040 |
_aPPAK _beng _cPPAK _erda |
||
| 082 | 0 | 4 |
_a959.5 _223 |
| 090 | 0 | 0 |
_a959.5 _bMAR _dK |
| 100 | 0 |
_aMariah Ahmad, _eauthor. |
|
| 245 | 1 | 0 |
_aSABAH, SARAWAK & SELANGOR / _cMARIAH AHMAD |
| 246 | 3 | _aSabah, Sarawak dan Selangor | |
| 264 | 1 |
_aSeremban, Negeri Sembilan : _bGOODWILL PUBLICATIONS, _c2019 |
|
| 264 | 4 | _c©2019 | |
| 300 |
_aiv, 104 pages : _bcolour illustrations, colour maps, chiefly colour photographs ; _c26 cm |
||
| 336 |
_2rdacontent _atext |
||
| 337 |
_2rdamedia _aunmediated |
||
| 338 |
_2rdacarrier _avolume |
||
| 490 | 1 | _aSIRI INFO ASAS NEGERI MALAYSIA | |
| 504 | _6Bibliography: pages 103-104 | ||
| 651 | 0 |
_aMalaysia _xSocial life and customs _vJuvenile literature |
|
| 651 | 0 |
_aSabah(Malaysia) _xSocial life and customs |
|
| 651 | 0 |
_aSarawak (Malaysia) _xSocial life and customs |
|
| 651 | 0 |
_aSelangor (Malaysia) _xSocial life and customs |
|
| 830 | 0 | _aSiri info asas negeri Malaysia | |
| 942 |
_2ddc _cB |
||